000 00840nam a22002652i 4500
999 _c10235
_d10235
001 10235
003 BD-JhCC
005 20190716125421.0
008 180421s1978 enk 000 0 eng d
020 _a0340175532
035 _aOCLC ocm04372915 from D960112M
_a(BD-JhCC)10235
040 _aLCI
_cLCI
_dEQO
_dBD-JhCC
041 _aeng
082 _bKHA 1978
_a940.548743
100 1 _aKahn, David,
_d1930-
245 1 0 _aHitler's spies :
_bGerman military intelligence in World War II /
_cDavid Kahn
260 _aLondon :
_bHodder and Stoughton,
_c1978.
300 _axiii, 671 p., [16] leaves of plates :
_bill., maps, ports. ;
_c24 cm
500 _aIncludes index
504 _aBibliography: p. 613-646
610 1 0 _aGermany.
_bNachrichdienst.
_bAbwehr
651 0 _aGermany
_xHistory
_y1933-1945
942 _2ddc
_cBK